Welterbe in Deutschland 3 (Sudden Death) - Statistiken

Allgemein
  • Dieses Quiz wurde 148 mal gespielt
  • Das Durchschnittsergebnis liegt bei 3 aus 18
Answers on the Grid
Answers color-coded by a green-red scale on the quiz's grid according to % correct below.
Altstadt von Quedlinburg
Ulmer Münster
Kurstadt Baden-Baden
Lüneburger Rathaus
Schlosskirche Wittenberg
Wieskirche Steingaden
Fuggerei Augsburg
Alte Synagoge Erfurt
Haus Le Corbusier Stuttgart
Thomaskirche Leipzig
Muskauer Park
Ostfriesische Inseln
Kloster Lorsch
Donaulimes
Pfahlbauten Roseninsel Feldafing
Abtei Maria Laach
Mathildenhöhe Darmstadt
Karolingisches Westwerk Corvey
Reichstagsgebäude Berlin
Altstadt von Regensburg
Aachener Dom
Haithabu und Danewerk
Schloss Nordkirchen
Dresdner Elbtal
Frankfurter Skyline
Niedergermanischer Limes
Schloss Charlottenburg
Autostadt Wolfsburg
Altstadt von Bamberg
Braunschweiger Löwe
Dom zu Speyer
Reichsburg Cochem
 
Antwortstatistiken
Antwort % Korrekt
Altstadt von Quedlinburg
61%
Aachener Dom
37%
Schlosskirche Wittenberg
33%
Dom zu Speyer
22%
Kloster Lorsch
22%
Kurstadt Baden-Baden
22%
Altstadt von Bamberg
20%
Alte Synagoge Erfurt
18%
Haus Le Corbusier Stuttgart
18%
Niedergermanischer Limes
14%
Wieskirche Steingaden
14%
Haithabu und Danewerk
12%
Donaulimes
10%
Mathildenhöhe Darmstadt
10%
Altstadt von Regensburg
8%
Karolingisches Westwerk Corvey
8%
Muskauer Park
8%
Pfahlbauten Roseninsel Feldafing
8%
Keine übereinstimmenden Quizze gefunden
Verteilung der Resultate
Anzahl Personen mit jedem Resultat
Perzentil nach korrekt beantworteten Fragen
Ihre Resultats-Entwicklung
Sie haben dieses Quiz noch nicht gespielt